000 01502nam a2200265 a 4500
001 BRCA_5174
005 20190320204954.0
008 241110m18421843mx-######v---#000-0#spa-#
041 _aspa
044 _amx
084 _aDOC125
_b.D63
_c1842
245 1 0 _aDocumento de Juntas de la Venerable Orden Tercero de Nuestra Santísima Madre y Señora del Carmen.
260 _aMéxico
_c1842
300 _a[35] fojas
_c32 x 22 cm
500 _aCuaderno formado para las Juntas de elecciones en los empleos del Venerable Orden Tercero de Nuestra Santísima Madre y Señora del Cármen, que comienza hoy día dos de junio de mil ochocientos cuarenta y tres. Contiene las actas levantadas en los nombramientos efectuados desde Priores, Definidores, Tesoreros, Celadores, Sacristanes, Enfermeras, etc.
500 _aEl documento contiene la leyenda DOC. #293
500 _aAl margen: SELLO QUINTO. MEDIO REAL. AÑO DE MIL OCHOCIENTOS CUARENTA Y DOS Y MIL OCHOCIENTOS CUARENTA Y TRES. -- Papel sellado con el Águila Repúblicana
500 _aPapel con marca de agua
500 _aEstado de conservación: contiene acidez, márgenes maltratados, roturas, el documento esta cocido
506 0 _aFondo reservado: para su consulta es necesario credencial de usuario y carta de motivos
546 _aTexto en: español de mediados del siglo XIX
650 1 4 _aDocumentos legales
_vImpreso con rúbricas
_xHistoria
_yFederalismo y centralismo, 1824-1853
_zMéxico
_913236
902 _aFDH
942 _2lcc
_cD
999 _c4868
_d4868